| Поле | Инд. | ПП | Название | Значение |
|---|---|---|---|---|
| Тип записи | a | |||
| Библиографический уровень | b | |||
| 001 | Контрольный номер | RU/IS/BASE/141146288 | ||
| 005 | Дата корректировки | 20200610181757.3 | ||
| 084 | a | Индекс другой классификации/Индекс ББК | 60.562.6(2Рос); 71.04; 60.028; 87.703 | |
| 100 | 1_ | a | Автор | Купцов Р. С. |
| 245 | 10 | a | Заглавие | Взгляд и нечто |
| 504 | a | Библиография | Библиогр. ссылки | |
| 650 | 04 | a | Основная рубрика | культурология |
| a | Основная рубрика | социальная философия | ||
| a | Основная рубрика | социальная этика | ||
| a | Основная рубрика | социология | ||
| a | Основная рубрика | социология искусства | ||
| a | Основная рубрика | философские науки | ||
| a | Основная рубрика | этика | ||
| 653 | 0_ | a | Ключевые слова | динамика культуры |
| a | Ключевые слова | духовные ценности | ||
| a | Ключевые слова | идеологические ценности | ||
| a | Ключевые слова | идеология | ||
| a | Ключевые слова | информационные коммуникации | ||
| a | Ключевые слова | информационный взрыв | ||
| a | Ключевые слова | искусство | ||
| a | Ключевые слова | коммуникации | ||
| a | Ключевые слова | культура | ||
| a | Ключевые слова | литература | ||
| a | Ключевые слова | массовые ценности | ||
| a | Ключевые слова | модернизм | ||
| a | Ключевые слова | морально-нравственные ценности | ||
| a | Ключевые слова | моральные нормы | ||
| a | Ключевые слова | общественное сознание | ||
| a | Ключевые слова | общественные ценности | ||
| a | Ключевые слова | постмодернизм | ||
| a | Ключевые слова | проза | ||
| a | Ключевые слова | общественное развитие | ||
| a | Ключевые слова | система ценностей | ||
| a | Ключевые слова | театр | ||
| a | Ключевые слова | тексты | ||
| a | Ключевые слова | телевидение | ||
| a | Ключевые слова | теория постмодернизма | ||
| a | Ключевые слова | философия культуры | ||
| a | Ключевые слова | ценности | ||
| a | Ключевые слова | цинизм | ||
| 773 | 18 | t | Заглавие источника | Вестник Московского университета. Серия 18, Социология и политология |
| d | Дата издания источника | 2001 | ||
| g | Прочая информация | № 3. - С. 126 - 146 | ||
| w | Контрольный № источника | RU/IS/BASE/148578725 | ||
| 901 | t | Тип документа | b |